Aerolíneas de Europa por logo - Estadísticas

Estadísticas generales
  • Esta prueba ha sido intentada 78 veces
  • La puntuación promedio es 12 de 18
Estadísticas de respuestas
Imagen Respuesta % Correcto
Iberia
93%
Ryanair
91%
Turkish Airlines
87%
Air Europa
85%
British Airways
85%
Swiss International Air Lines
85%
ITA Airways
84%
easyJet
79%
Wizz Air
72%
KLM
67%
Air France
66%
Lufthansa
66%
LOT Polish Airlines
60%
Brussels Airlines
36%
Norwegian Air Shuttle
31%
Aegean Airlines
25%
Aer Lingus
25%
Aeroflot
21%
No se encontraron pruebas coincidentes
Distribución de puntuación
Porcentaje de gente con cada puntuación
Porcentaje por número respondido
Historial de tus puntuaciones
No has intentado esta prueba.